000 00519nam a2200193 a 4500
001 1773826208025
003 YourLibrary
005 20260318150212.0
008 260318s1992##################000#0#eng##
020 _a9780521358699
082 0 4 _a338.943009045
_bGIE
100 1 _aGiersch, Herbert,
_eauthor.
245 1 0 _aThe Fading Miracle :
260 _bCambridge University Press,
_c1992.
300 _a324 pages
650 0 _aBusiness & Economics.
942 _cENGLISH
040 _aYourLibrary
_beng
_cYourLibrary
999 _c618008
_d618008